Φορτώνει......
How to write correct English /
| Κύριος συγγραφέας: | |
|---|---|
| Μορφή: | Printed Book |
| Γλώσσα: | English |
| Έκδοση: |
Chandigarh :
Abhishek,
2009.
|
| Θέματα: |
| LEADER | 00498nam a2200145Ia 4500 | ||
|---|---|---|---|
| 008 | 150624b xxu||||| |||| 00| 0 eng d | ||
| 082 | |a 425 | ||
| 100 | |a Singh, R.K | ||
| 245 | |a How to write correct English / |c R.K Singh | ||
| 260 | |a Chandigarh : |b Abhishek, |c 2009. | ||
| 300 | |a 274 p. | ||
| 650 | |x English grammar. | ||
| 942 | |c BK | ||
| 999 | |c 59459 |d 59459 | ||
| 952 | |0 0 |1 0 |4 0 |6 425_000000000000000_SIN_H |7 0 |9 59436 |a UL |b UL |c ST1 |d 2012-10-27 |l 10 |m 4 |o 425 SIN/H |p 85429 |q 2021-09-30 |r 2021-03-07 |s 2021-03-07 |w 2012-10-27 |y BK | ||